000 00764nam a2200241Ia 4500
003 OSt
005 20250127135654.0
008 210716s1997 xx 000 0 und d
040 _cAIMIT LIBRARY
041 _aeng
082 _a005.7401
_21st
_bMCCC
100 _aMccullough, Carol.
_9195664
245 _aOracle7 for dummies /
_cBy Carol McCullough.
250 _a1st ed.
260 _aNew Delhi :
_bComdex computer publishing ,
_c1997.
300 _a358,22 p.;
_bPB
_c25 cm.
650 _aUsing the personal oracle 7
_9195665
650 _aPutting oracle 7 to work
_9195666
650 _aTuning up and turbocharging
_9195667
650 _aTen tips to good design
_9195668
650 _aTen Handy sql scripts
_9195669
942 _2ddc
_cBK
_e1st
_k005.7401 MCCC
999 _c183210
_d183210